000 00694nam a2200289Ia 4500
005 20260324141546.0
008 008 260324s9999 xx 000 0 eng d
020 _a9780203760420
037 _aEBOOK
040 _aCRL
040 _beng
040 _cCRL
041 _2eng
041 _aeng
084 _qCRL
100 _aJessie Daniels
_91208644
245 0 _aWhite Lies
245 0 _bRace, Class, Gender and Sexuality in White Supremacist Discourse
260 _bTaylor and Francis
260 _c1997
365 _a
365 _b245
856 _uhttp://www.taylorfrancis.com/books/9780203760420
942 _cEBOOK
999 _c1811872
_d1811872